Score 0/20 Timer 02:00
0 Plays Today
% Correct
Sock
89.5%
Volume
89.1%
Course
88.3%
Bridge
87.8%
Coast
87.6%
Course
86.4%
Just
86.1%
Bag
85.7%
Fuse
84.8%
Fuse
83.6%
% Correct
Sock
83.2%
Control
82.2%
Bridge
82.2%
Board
81.9%
Coast
81%
Board
79.6%
Just
78.9%
Volume
76.1%
Bag
75.9%
Control
74.9%

You're not logged in!

Compare scores with friends on all Sporcle quizzes.
OR
Log In

Sporcle TV

Today on Sporcle TV


Watch our educational content, quiz creation guides, and fun videos on Sporcle TV.

Show Comments

Extras

Top Quizzes Today


Score Distribution

Your Account Isn't Verified!

In order to create a playlist on Sporcle, you need to verify the email address you used during registration. Go to your Sporcle Settings to finish the process.

Report this User

Report this user for behavior that violates our Community Guidelines.

Details: